00629nam a2200193Ia 4500008004100000040001400041082002200055100003100077245004000108250001100148260004400159300001300203365002700216366000800243505002000251620008400271630004000355730004000395100315s9999 xx 000 0 und d cENGLISH  b4125 a346.096  a"Jhambvala, Noshirvan H. " aThe Negotiable Instruments Act 2002 a22nd  aMumbai bC. JAMANADAS & CO.  c2002  a148p.   eRupees d1 b95.00  f0  gTushar Jadhav  a"Negotiation, Presentment, Payment & Intrest, Reasonable Time, Bills in Sets " aThe Negotiable Instruments Act 2002 aThe Negotiable Instruments Act 2002